000 00910cam a22002897a 4500
003 CHAP
005 20220329142608.0
008 020306d1980 mx o r 00110dspa d
010 _a85440
011 _a86412
035 _a96950
040 _cCHAP
082 0 0 _a920.7
_bQ8
245 1 0 _aQuién es quién, mujeres mexicanas :
_bgalería de la mujer destacada en México
_c/ed. por Antena
260 _aMéxico, D.F. :
_bAntena, S.A.
_c1980.
300 _a538 p.
_bfotografias
590 _aBATCH-UPD
_b10
_c20130110
_lUCH01
_h0746
590 _aBATCH-UPD
_b10
_c20130410
_lUCH01
_h0427
590 _aBATCH-UPD
_b10
_c20130914
_lUCH01
_h1833
590 _aCONVERSION
_b10
_c20130109
_lUCH01
_h1347
650 0 4 _aMujer
_zMéxico.
_979354
650 1 4 _aMujer
_xBiografía.
_979316
901 _aBK
905 _aMayto Villalobos S.
942 _cLIBRO
949 _a920.7 Q8
_bBC
_cC
_d33724000861837
_eC
_h102058
_i96950
_sb
999 _c85440
_d85440